00542nam a2200133Ia 4500008004100000100001800041245007800059245012100137260005300258260001300311300000800324650001500332856006100347170221s9999 xx 000 0 und d aIvan N. Chuev aInnovation and Integrated Structures of the Innovations in Modern Russia  cIvan N. Chuev, Tatiana M. Panchenko, Vladimir S. Novikov, Olga A. Konnova, Nadezhda G. Iraeva, Irina S. Karabulatova bInternational Review of Management and Marketing cMay 2014 a3:2 xMarketing. uhttp://www.econjournals.com/index.php/irmm/issue/view/70